| 000 | 00501nam a2200157Ia 4500 | ||
|---|---|---|---|
| 008 | 180910s9999 xx 000 0 und d | ||
| 100 | _aMacapagal, Ma. Elizabeth, J. | ||
| 245 | _aPhilippine Journal of Psychology / | ||
| 245 | _cMa.Elizabeth J. Macapagal. | ||
| 260 | _bPsychological Association of the Philippines | ||
| 260 | _c2014 | ||
| 300 | _apages 2-158, December 2014 | ||
| 440 |
_aPhilippine Journal of Psychology _v47:2 |
||
| 650 | _aPeriodicals. | ||
| 650 | _aPsychology -- Philippines. | ||
| 999 |
_c358742 _d358742 |
||